000 00673nam a22001937a 4500
003 OSt
005 20260306083343.0
008 260306b |||||||| |||| 00| 0 eng d
020 _a978-621-406-354-3
040 _aDWCL Main lib
_cOC
082 _aFil. 658.421 C183e 2024
100 _aCamilar-Serrano, Angelita Ong
245 _aEntrepreneurship for hospitality and tourism
_cAngelita Ong Camilar-Serrano
260 _aManila, Philippines:
_bMindshapers,
_cc2024.
300 _aviii, 186 pages:
_billustrations;
_c25 cm.
504 _aIncludes bibliographical references.
650 _a1. Entrepreneurship -- Hospitality and tourism.
942 _2ddc
_cBK - FIL
_kFil.
_n0
999 _c8733
_d8733